| 000 | 00774nam a22001937a 4500 | ||
|---|---|---|---|
| 999 |
_c58862 _d58862 |
||
| 003 | Ge_BSU | ||
| 005 | 20221011122704.0 | ||
| 008 | 221011s1975 ge ||||| |||| 00| 0 geo d | ||
| 041 | _ageo | ||
| 080 | _a1(479.22)(092) მ-54 | ||
| 100 |
_aმელიქიშვილი, დ. _915236 |
||
| 245 |
_aიოანე პეტრიწის ფილოსოფიურ შრომათა ენა და სტილი / _cდ. მელიქიშვილი. |
||
| 264 |
_aთბილისი : _bგანათლება, _c1975. |
||
| 300 |
_a219 გვ. ; _b21 სმ. |
||
| 653 | _aიოანე პეტრიწი | ||
| 653 | _aიოანე პეტრიწი | ||
| 653 | _aმეცნიერული ენა | ||
| 942 |
_2udc _cBK |
||